[Event "ODJM B 2015"]
[Site "Willingen GER"]
[Date "2015.05.24"]
[Round "2"]
[White "Wiemann, Daniel"]
[Black "Arnold, Leander"]
[Result "1/2-1/2"]
[Termination "normal"]
[Board "1"]
[WhiteElo "1419"]
[BlackElo "1562"]
[WhiteClock "00:05:28"]
[BlackClock "00:36:52"]
[PlyCount "61"]
[WhiteFideId "12942944"]
[BlackFideId "12990230"]
[EventCountry "GER"]
[EventRounds "9"]
[EventType "swiss"]
[EventDate "2015.05.23"]

1. e4 e6 2. d4 d5 3. e5 c5 4. dxc5 Bxc5 5. Bd3 Ne7 6. Nf3 h6 7. O-O Ng6 8. Re1
O-O 9. Be3 Bxe3 10. Rxe3 Nc6 11. Bb5 Nce7 12. Nd4 a6 13. Bd3 Bd7 14. Nd2 Bc6
15. g3 Qb6 16. Nxc6 Qxc6 17. c3 Qc7 18. Nf3 Rad8 19. Bc2 Qb6 20. Rb1 Rc8 21.
Qd4 Qxd4 22. Nxd4 Nc6 23. Bxg6 fxg6 24. Nxe6 Rce8 25. Nf4 Nxe5 26. Nxd5 g5 27.
Kg2 Nc4 28. Rxe8 Rxe8 29. b4 Rd8 30. Rd1 Kf7 31. Rd4 1/2-1/2

[Event "ODJM B 2015"]
[Site "Willingen GER"]
[Date "2015.05.24"]
[Round "2"]
[White "Morio, Estelle"]
[Black "Tham, Nam"]
[Result "1-0"]
[Termination "normal"]
[Board "2"]
[WhiteElo "1685"]
[BlackElo "1547"]
[WhiteClock "00:08:06"]
[BlackClock "01:17:15"]
[PlyCount "87"]
[WhiteFideId "12951951"]
[BlackFideId "12997331"]
[EventCountry "GER"]
[EventRounds "9"]
[EventType "swiss"]
[EventDate "2015.05.23"]

1. d4 d5 2. Nf3 Nf6 3. g3 e6 4. Bg2 c5 5. e3 Nc6 6. O-O Bd6 7. b3 Na5 8. Bb2
O-O 9. Nbd2 Qc7 10. Re1 Bd7 11. a3 b5 12. dxc5 Be7 13. Ne5 Nb7 14. b4 a5 15.
Qe2 a4 16. e4 dxe4 17. Nxe4 Nd5 18. c4 bxc4 19. Qxc4 Be8 20. Nc3 Nxc3 21. Qxc3
f6 22. Qf3 Rb8 23. Nc4 e5 24. Ne3 Bf7 25. Qg4 Nd8 26. Rad1 Ne6 27. Nd5 Qa7 28.
Bc1 Nd4 29. Nxe7+ Kh8 30. Rxd4 exd4 31. Nc6 Qb7 32. Nxb8 Qxb8 33. Qxd4 Rd8 34.
Qf4 Qxf4 35. Bxf4 Rd3 36. Bc1 h6 37. c6 Rc3 38. Be4 f5 39. Bxf5 Rxc6 40. Bd7
Ra6 41. Re7 Bb3 42. Bb2 Rg6 43. Re8+ Bg8 44. Bxa4 1-0

[Event "ODJM B 2015"]
[Site "Willingen GER"]
[Date "2015.05.24"]
[Round "2"]
[White "Zell, Mirjam"]
[Black "Lommel, Hagen"]
[Result "0-1"]
[Termination "normal"]
[Board "3"]
[WhiteElo "1336"]
[BlackElo "1561"]
[WhiteClock "00:00:47"]
[BlackClock "00:39:34"]
[PlyCount "60"]
[WhiteFideId "16208544"]
[BlackFideId "12972380"]
[EventCountry "GER"]
[EventRounds "9"]
[EventType "swiss"]
[EventDate "2015.05.23"]

1. e4 c5 2. c4 Nc6 3. Nc3 e6 4. d3 d6 5. g3 Nf6 6. Bg2 Be7 7. Nge2 O-O 8. O-O
Qc7 9. f4 a6 10. b3 Bd7 11. Rb1 Rab8 12. a3 b5 13. Qc2 Rb7 14. Bb2 Rfb8 15. f5
exf5 16. exf5 bxc4 17. bxc4 Rb3 18. Nd5 Nxd5 19. Bxd5 Qb6 20. g4 Rxb2 21. Rxb2
Qxb2 22. Qxb2 Rxb2 23. Nf4 Bg5 24. h3 Nd4 25. Ng2 Bc6 26. Bxc6 Nxc6 27. Re1 Ne5
28. Kf1 f6 29. h4 Bd2 30. Re2 Nxd3 0-1

[Event "ODJM B 2015"]
[Site "Willingen GER"]
[Date "2015.05.24"]
[Round "2"]
[White "Petri, Ben-Luca"]
[Black "Fromm, Johannes"]
[Result "0-1"]
[Termination "normal"]
[Board "4"]
[WhiteElo "1481"]
[BlackElo "1454"]
[WhiteClock "00:19:10"]
[BlackClock "00:23:45"]
[PlyCount "70"]
[WhiteFideId "12947261"]
[BlackFideId "12993204"]
[EventCountry "GER"]
[EventRounds "9"]
[EventType "swiss"]
[EventDate "2015.05.23"]

1. e4 d6 2. d4 Nf6 3. Nc3 g6 4. f4 Bg7 5. Nf3 O-O 6. e5 dxe5 7. fxe5 Nd5 8. Bd3
e6 9. O-O Ne7 10. Bg5 h6 11. Bh4 g5 12. Bf2 Ng6 13. Bxg6 fxg6 14. Qd3 Kh7 15.
Ne4 b6 16. Be3 Qe8 17. h3 Ba6 18. c4 b5 19. b3 bxc4 20. bxc4 Nd7 21. Rac1 c5
22. Nd6 Qb8 23. Qa3 Bc8 24. Rb1 Qc7 25. Rfd1 a5 26. Rb5 Qc6 27. d5 exd5 28.
cxd5 Qa6 29. Qb2 Rxf3 30. gxf3 Bxe5 31. Qc2 Bxd6 32. Rb2 Ne5 33. Bxc5 Bf5 34.
Qc3 Rc8 35. Rb6 Qxb6 0-1

[Event "ODJM B 2015"]
[Site "Willingen GER"]
[Date "2015.05.24"]
[Round "2"]
[White "Rose, Luis Stratos"]
[Black "Pahl, Theis"]
[Result "1-0"]
[Termination "normal"]
[Board "5"]
[WhiteElo "1385"]
[BlackElo "1570"]
[WhiteClock "00:06:22"]
[BlackClock "00:27:03"]
[PlyCount "101"]
[WhiteFideId "12976008"]
[BlackFideId "16201264"]
[EventCountry "GER"]
[EventRounds "9"]
[EventType "swiss"]
[EventDate "2015.05.23"]

1. d4 Nf6 2. Bg5 g6 3. Bxf6 exf6 4. g3 f5 5. e3 Bg7 6. Bg2 O-O 7. c4 c5 8. Ne2
d6 9. Nbc3 Nd7 10. O-O Nf6 11. Rb1 Qa5 12. Qa4 Qxa4 13. Nxa4 Bd7 14. Nac3 Rab8
15. dxc5 dxc5 16. Nf4 Be6 17. Nfd5 Rfd8 18. Rfd1 Rd7 19. Rd2 Rbd8 20. Rbd1 b6
21. b3 a6 22. Na4 Nxd5 23. Bxd5 Rd6 24. Kf1 g5 25. Ke2 Rc8 26. Bxe6 Rxe6 27.
Rd6 Rxd6 28. Rxd6 b5 29. Nb6 Re8 30. Rd5 bxc4 31. Nxc4 Rc8 32. Rxf5 h6 33. Rd5
Bf8 34. Rd7 f6 35. Ra7 Rc6 36. Rb7 Rc8 37. Rb6 Kg7 38. Rxa6 Rd8 39. Rc6 Ra8 40.
a4 Rb8 41. Rb6 Rxb6 42. Nxb6 Kf7 43. a5 c4 44. bxc4 Bc5 45. Kd3 f5 46. Nc8 Ke6
47. a6 Kd7 48. a7 Bxa7 49. Nxa7 Kd6 50. Kd4 h5 51. Nb5+ 1-0

[Event "ODJM B 2015"]
[Site "Willingen GER"]
[Date "2015.05.24"]
[Round "2"]
[White "Nimptsch, Nikolas"]
[Black "Thumm, Niklas"]
[Result "0-1"]
[Termination "normal"]
[Board "6"]
[WhiteElo "1302"]
[BlackElo "1510"]
[WhiteClock "00:11:17"]
[BlackClock "00:10:28"]
[PlyCount "114"]
[WhiteFideId "16245334"]
[BlackFideId "12918733"]
[EventCountry "GER"]
[EventRounds "9"]
[EventType "swiss"]
[EventDate "2015.05.23"]

1. e4 e5 2. Nf3 Nc6 3. c3 Nf6 4. d4 exd4 5. cxd4 Nxe4 6. d5 Qe7 7. Be2 Nb4 8.
O-O Qc5 9. Be3 Qxd5 10. Nbd2 Nxd2 11. Bxd2 Nc6 12. Re1 Be7 13. Qa4 O-O 14. Bc4
Qf5 15. Bb5 Bc5 16. Bxc6 dxc6 17. Re5 Qf6 18. Rxc5 Qxb2 19. Bc3 Qe2 20. Qd4 f6
21. a4 Qe8 22. Re1 Qg6 23. Nh4 Qf7 24. Bb4 Be6 25. Qe3 Rfe8 26. Rc2 Bb3 27. Qc1
Rxe1+ 28. Bxe1 Bxc2 29. Qxc2 Re8 30. Ba5 Qd5 31. Bd2 Qd4 32. Nf3 Qa1+ 33. Bc1
f5 34. h3 Re4 35. Qd2 Qf6 36. Bb2 Qe7 37. Bc3 Rxa4 38. Ng5 h6 39. Nf3 Re4 40.
Nd4 Qf7 41. f3 Re8 42. Qf4 Qc4 43. Bd2 Rf8 44. Be3 c5 45. Qxc7 Qd3 46. Bf2 cxd4
47. Qxb7 Rf7 48. Qd5 Qb1+ 49. Kh2 d3 50. Be3 Qb8+ 51. Kg1 Qb1+ 52. Kf2 Qc2+ 53.
Kg3 Qc7+ 54. Kf2 Qd7 55. Qa2 Kh7 56. Ke1 f4 57. Bf2 Re7+ 0-1

[Event "ODJM B 2015"]
[Site "Willingen GER"]
[Date "2015.05.24"]
[Round "2"]
[White "Ning, Felix"]
[Black "Wachinger, Nikolas"]
[Result "0-1"]
[Termination "normal"]
[Board "7"]
[WhiteElo "1507"]
[BlackElo "1299"]
[PlyCount "64"]
[WhiteFideId "12988553"]
[BlackFideId "12962791"]
[EventCountry "GER"]
[EventRounds "9"]
[EventType "swiss"]
[EventDate "2015.05.23"]

1. d4 d5 2. c4 c6 3. Nc3 e5 4. e3 e4 5. c5 Nf6 6. b4 b5 7. a4 a6 8. axb5 cxb5
9. Bxb5+ Bd7 10. Qa4 Bxb5 11. Nxb5 Nbd7 12. Nc3 Be7 13. c6 Nb6 14. Qb3 O-O 15.
Nge2 Qd6 16. Ba3 Qxc6 17. O-O Qc4 18. Rfb1 Rfc8 19. Qxc4 Nxc4 20. Nf4 Nxe3 21.
Rb3 Nc2 22. Ncxd5 Nxd5 23. Nxd5 Bg5 24. Rg3 Nxa1 25. Rxg5 h6 26. Rg4 Rd8 27.
Ne7+ Kf8 28. Nc6 Rd7 29. b5+ Kg8 30. b6 Rc8 31. d5 Rxc6 32. Rxe4 Rxd5 0-1

[Event "ODJM B 2015"]
[Site "Willingen GER"]
[Date "2015.05.24"]
[Round "2"]
[White "Kalina, Joshua"]
[Black "Lange, Cecilia"]
[Result "0-1"]
[Termination "normal"]
[Board "8"]
[WhiteElo "1298"]
[BlackElo "1597"]
[PlyCount "74"]
[BlackFideId "12976040"]
[EventCountry "GER"]
[EventRounds "9"]
[EventType "swiss"]
[EventDate "2015.05.23"]

1. e4 c6 2. Nc3 d5 3. exd5 cxd5 4. d4 Nf6 5. Nf3 Bg4 6. Be2 Nc6 7. h3 Bxf3 8.
Bxf3 e6 9. a3 Be7 10. Be3 O-O 11. O-O a6 12. Be2 b5 13. Bd3 Qb6 14. Na2 a5 15.
c3 b4 16. a4 bxc3 17. bxc3 Rfc8 18. Rb1 Qd8 19. Qc2 Nb4 20. Nxb4 axb4 21. Rb3
bxc3 22. Rxc3 Rxc3 23. Qxc3 Rxa4 24. Ra1 Rxa1+ 25. Qxa1 g6 26. Bg5 Nd7 27. Be3
Bf6 28. Qd1 Qb6 29. Qa4 Nb8 30. Bh6 Nc6 31. Qa8+ Nd8 32. Be3 Kg7 33. Qa1 Nc6
34. Qc1 Nxd4 35. Bh6+ Kg8 36. Qa3 Qd8 37. Be2 Nxe2+ 0-1

[Event "ODJM B 2015"]
[Site "Willingen GER"]
[Date "2015.05.24"]
[Round "2"]
[White "Bilau, Max"]
[Black "Kotyk, Michael"]
[Result "1-0"]
[Termination "normal"]
[Board "9"]
[WhiteElo "1640"]
[BlackElo "1296"]
[PlyCount "181"]
[WhiteFideId "12974838"]
[BlackFideId "16214501"]
[EventCountry "GER"]
[EventRounds "9"]
[EventType "swiss"]
[EventDate "2015.05.23"]

1. d4 Nf6 2. Bf4 g6 3. c4 Bg7 4. Nf3 O-O 5. Nc3 d6 6. h3 Nbd7 7. e3 Re8 8. Be2
c6 9. O-O Qc7 10. c5 e5 11. cxd6 Qxd6 12. dxe5 Qxd1 13. Raxd1 Nh5 14. Bh2 Nxe5
15. Nxe5 Bxe5 16. Bxe5 Rxe5 17. Rd8+ Kg7 18. Bg4 f5 19. Bxh5 gxh5 20. Rfd1 Kf7
21. Rh8 Re8 22. Rd8 Rxd8 23. Rxd8 Ke7 24. Rh8 Kf7 25. Rxh7+ Kg6 26. Rh8 b6 27.
Rd8 c5 28. Nb5 Bb7 29. Rd7 Bc8 30. Rxa7 Rxa7 31. Nxa7 Bd7 32. Kf1 Kf6 33. b3 b5
34. Ke2 Ke6 35. Kd3 Kd6 36. a4 bxa4 37. bxa4 Bxa4 38. Nc8+ Kc7 39. Ne7 Bd7 40.
Nd5+ Kd6 41. Nf4 Be8 42. h4 Bf7 43. Ne2 Ke5 44. f3 Be6 45. Kc3 Kd6 46. Ng3 Bc8
47. Nxh5 Ba6 48. Nf4 Ke5 49. h5 Kf6 50. Nd3 Kg5 51. Nf4 Kf6 52. Nd3 Kg5 53.
Nxc5 Bf1 54. g3 Kxh5 55. Nd3 Kg5 56. Kd4 Be2 57. Ne1 Kf6 58. e4 fxe4 59. Kxe4
Kg5 60. Nd3 Bd1 61. Nf2 Bc2+ 62. Ke3 Bb3 63. f4+ Kf6 64. g4 Be6 65. Kf3 Kg6 66.
Kg3 Kf6 67. Kh4 Kg6 68. Nh1 Bd5 69. Ng3 Bf3 70. f5+ Kf6 71. Nh5+ Ke5 72. Kg5
Bd1 73. f6 Bb3 74. Kg6 Ke6 75. Kg7 Kd7 76. f7 Be6 77. f8=Q Kc6 78. Qf6 Kd5 79.
Nf4+ Ke4 80. Qxe6+ Kxf4 81. Qd5 Kxg4 82. Kf6 Kf4 83. Qc4+ Ke3 84. Kf5 Kd2 85.
Qb3 Ke2 86. Ke4 Kd2 87. Qd3+ Kc1 88. Qe2 Kb1 89. Kd3 Ka1 90. Kc3 Kb1 91. Qb2#
1-0

[Event "ODJM B 2015"]
[Site "Willingen GER"]
[Date "2015.05.24"]
[Round "2"]
[White "Borgmann, Simon"]
[Black "Kose, Robert Paul"]
[Result "0-1"]
[Termination "normal"]
[Board "10"]
[WhiteElo "1289"]
[BlackElo "1453"]
[PlyCount "54"]
[WhiteFideId "16234677"]
[BlackFideId "12982067"]
[EventCountry "GER"]
[EventRounds "9"]
[EventType "swiss"]
[EventDate "2015.05.23"]

1. e4 e5 2. Nf3 Nc6 3. Bc4 Nf6 4. d3 h6 5. Be3 Ng4 6. O-O Nxe3 7. fxe3 d6 8.
Nfd2 Qg5 9. Bxf7+ Kd8 10. Qe1 Bg4 11. Qg3 Be7 12. h3 Bd7 13. Qxg5 Bxg5 14. Re1
Ke7 15. Bb3 Na5 16. Nc3 c6 17. Nf3 Nxb3 18. axb3 Bf6 19. d4 g5 20. g4 h5 21.
Nh2 hxg4 22. hxg4 exd4 23. exd4 Bxd4+ 24. Kg2 Raf8 25. Nf3 Bb6 26. Kg3 Rf4 27.
Nh2 Bf2+ 0-1

[Event "ODJM B 2015"]
[Site "Willingen GER"]
[Date "2015.05.24"]
[Round "2"]
[White "Wu, Erik"]
[Black "Schulze, Lukas"]
[Result "1-0"]
[Termination "normal"]
[Board "11"]
[WhiteElo "1441"]
[BlackElo "1252"]
[PlyCount "123"]
[WhiteFideId "12977489"]
[BlackFideId "12956856"]
[EventCountry "GER"]
[EventRounds "9"]
[EventType "swiss"]
[EventDate "2015.05.23"]

1. e4 c6 2. d4 d5 3. Nc3 a6 4. g3 Nf6 5. Bg2 dxe4 6. Nxe4 Nxe4 7. Bxe4 g6 8.
Bg2 Bg7 9. Nf3 Bg4 10. c3 O-O 11. h3 Bxf3 12. Qxf3 e5 13. dxe5 Bxe5 14. O-O Nd7
15. Rd1 Bg7 16. h4 Ne5 17. Qe2 Qa5 18. Bf4 Rfe8 19. Re1 Qb5 20. Qxb5 axb5 21.
Re3 Nc4 22. Rxe8+ Rxe8 23. b3 Bxc3 24. Rc1 Bd2 25. Rxc4 bxc4 26. Bxd2 cxb3 27.
axb3 Rd8 28. Ba5 Rd1+ 29. Kh2 Rb1 30. b4 Rb2 31. Kg1 Rb1+ 32. Bf1 f5 33. Kg2 b5
34. Be2 Kf7 35. Bf3 Rc1 36. Bb6 Ke7 37. Bc5+ Kd7 38. h5 g5 39. h6 Re1 40. Bh5
Ke6 41. Be8 Kd5 42. Bf7+ Ke5 43. Bg8 Kf6 44. Bxh7 Re8 45. Bd4+ Kf7 46. Bxf5 c5
47. bxc5 g4 48. h7 Ke7 49. h8=Q Rxh8 50. Bxh8 Kd8 51. Bxg4 Kc7 52. f4 Kc6 53.
f5 Kxc5 54. f6 Kd6 55. f7 Ke7 56. Bh5 Kf8 57. Bc3 Ke7 58. Bb4+ Kd7 59. f8=Q Kc6
60. Qd6+ Kb7 61. Ba5 Ka7 62. Qc7+ 1-0

[Event "ODJM B 2015"]
[Site "Willingen GER"]
[Date "2015.05.24"]
[Round "2"]
[White "Rapp, Lukas"]
[Black "Kublanov, Carolin"]
[Result "0-1"]
[Termination "normal"]
[Board "12"]
[WhiteElo "1627"]
[BlackElo "1607"]
[PlyCount "104"]
[WhiteFideId "12989320"]
[BlackFideId "12944548"]
[EventCountry "GER"]
[EventRounds "9"]
[EventType "swiss"]
[EventDate "2015.05.23"]

1. Nc3 e5 2. Nf3 Nc6 3. d4 exd4 4. Nxd4 Nge7 5. Bg5 f6 6. Bf4 d6 7. e4 Bd7 8.
Bc4 Ng6 9. Bg3 Qe7 10. Nd5 Qxe4+ 11. Qe2 Qxe2+ 12. Nxe2 O-O-O 13. O-O-O Nge5
14. Bb3 Na5 15. f4 Nxb3+ 16. axb3 Ng6 17. Nd4 c6 18. Nc3 Re8 19. Rhe1 d5 20.
Rxe8+ Bxe8 21. Ne6 Bd7 22. f5 Ne5 23. Re1 Bxe6 24. fxe6 Bd6 25. Ne2 Re8 26. Nf4
g5 27. Nh5 Rxe6 28. Ng7 Re7 29. Nf5 Rd7 30. Nxd6+ Rxd6 31. Bxe5 fxe5 32. Rxe5
h6 33. Kd2 Rf6 34. Ke2 Kd7 35. Ke1 Re6 36. Rxe6 Kxe6 37. Ke2 Ke5 38. g3 Ke4 39.
b4 h5 40. h3 b6 41. c3 b5 42. b3 a6 43. h4 gxh4 44. gxh4 Kf4 45. Kd3 Kg4 46.
Ke3 Kxh4 47. Kf4 Kh3 48. Kf3 Kh2 49. Kf2 h4 50. Kf3 Kh3 51. Kf2 Kg4 52. Kg2 Kf4
0-1

[Event "ODJM B 2015"]
[Site "Willingen GER"]
[Date "2015.05.24"]
[Round "2"]
[White "Schluckner, Paul-Leopold"]
[Black "Feil, Alexander"]
[Result "1-0"]
[Termination "normal"]
[Board "13"]
[WhiteElo "1404"]
[BlackElo "1378"]
[PlyCount "101"]
[WhiteFideId "12952168"]
[BlackFideId "4002954"]
[EventCountry "GER"]
[EventRounds "9"]
[EventType "swiss"]
[EventDate "2015.05.23"]

1. e4 d5 2. exd5 c6 3. Nc3 cxd5 4. Bb5+ Nc6 5. d4 Bf5 6. Nf3 e6 7. a3 Bd6 8.
Qe2 Nf6 9. Bg5 h6 10. Bxf6 Qxf6 11. Nxd5 Qd8 12. Ne3 O-O 13. Nxf5 exf5 14. O-O
Re8 15. Qd3 a6 16. Bxc6 bxc6 17. Qxf5 Rb8 18. b4 Rb5 19. Qd3 Rd5 20. c4 Bxh2+
21. Kxh2 Rd7 22. Rfe1 Ree7 23. Kg1 g5 24. Rxe7 Rxe7 25. Ne5 Rxe5 26. Rd1 Re7
27. d5 cxd5 28. cxd5 Qd6 29. Rc1 Kg7 30. g3 Rc7 31. Rxc7 Qxc7 32. Qxa6 Qc1+ 33.
Kg2 Qd1 34. Qc4 Qa4 35. Qc3+ f6 36. d6 Qa8+ 37. Kg1 Qd5 38. Qc7+ Kf8 39. Qe7+
Kg8 40. d7 Qd1+ 41. Kg2 Qd5+ 42. Kh2 Qa8 43. Qe8+ Qxe8 44. dxe8=Q+ Kg7 45. Qe7+
Kg6 46. b5 Kf5 47. b6 h5 48. b7 g4 49. b8=Q Kg6 50. Qf4 f5 51. Qfd6# 1-0

[Event "ODJM B 2015"]
[Site "Willingen GER"]
[Date "2015.05.24"]
[Round "2"]
[White "Knerr, Sebastian"]
[Black "Grunert, Friedrich"]
[Result "0-1"]
[Termination "normal"]
[Board "14"]
[WhiteElo "1259"]
[BlackElo "1492"]
[PlyCount "48"]
[WhiteFideId "16266013"]
[BlackFideId "12995592"]
[EventCountry "GER"]
[EventRounds "9"]
[EventType "swiss"]
[EventDate "2015.05.23"]

1. c4 e5 2. Nc3 Nc6 3. Nf3 Nf6 4. g3 Bb4 5. Bg2 O-O 6. O-O d6 7. e3 Bg4 8. Qc2
Qd7 9. a3 Ba5 10. b4 Bb6 11. Bb2 Bh3 12. Bxh3 Qxh3 13. Nd5 Ng4 14. b5 Nd8 15.
Ne7+ Kh8 16. Nf5 Ne6 17. N5h4 Ng5 18. Qf5 f6 19. Rfd1 e4 20. Nxg5 Qxh2+ 21. Kf1
fxg5 22. Bxg7+ Kxg7 23. Qxg5+ Kh8 24. f4 Qf2# 0-1

[Event "ODJM B 2015"]
[Site "Willingen GER"]
[Date "2015.05.24"]
[Round "2"]
[White "Yi, Wendy"]
[Black "Zimmer, Claudius"]
[Result "1-0"]
[Termination "normal"]
[Board "15"]
[WhiteElo "1401"]
[BlackElo "1105"]
[PlyCount "101"]
[WhiteFideId "16224850"]
[EventCountry "GER"]
[EventRounds "9"]
[EventType "swiss"]
[EventDate "2015.05.23"]

1. e4 e5 2. Nf3 Nc6 3. Bc4 Bc5 4. c3 Nf6 5. d4 exd4 6. cxd4 Bb4+ 7. Nc3 Nxe4 8.
O-O Bxc3 9. d5 Na5 10. Qe2 Qe7 11. Bd3 Nc5 12. bxc3 Qxe2 13. Bxe2 O-O 14. Be3
d6 15. Nd4 c6 16. c4 cxd5 17. cxd5 b6 18. Nc6 Nxc6 19. dxc6 Bf5 20. Rfd1 Rfd8
21. Bf4 d5 22. Bf3 Be4 23. Bg4 f5 24. Bh3 g6 25. f3 Bd3 26. Rac1 Bc4 27. g4 Ne6
28. Be3 fxg4 29. Bxg4 Rd6 30. Rxc4 h5 31. Bh3 Rc8 32. c7 Rxc7 33. Bxe6+ Rxe6
34. Rxc7 Rxe3 35. Rxd5 Rxf3 36. Rd8+ Rf8 37. Rxf8+ Kxf8 38. Rxa7 Ke8 39. Rb7 b5
40. Rxb5 Kf7 41. a4 Ke6 42. a5 Kd7 43. a6 Kc6 44. Rb1 Kd5 45. a7 Ke5 46. a8=Q
Kf5 47. Qd5+ Kf6 48. Rb6+ Kg7 49. Qe6 Kh7 50. Qxg6+ Kh8 51. Rb8# 1-0

[Event "ODJM B 2015"]
[Site "Willingen GER"]
[Date "2015.05.24"]
[Round "2"]
[White "Raasch, Hauke"]
[Black "Caliebe, Nanke"]
[Result "0-1"]
[Termination "normal"]
[Board "17"]
[WhiteElo "1107"]
[BlackElo "1502"]
[PlyCount "58"]
[WhiteFideId "16210034"]
[BlackFideId "12980528"]
[EventCountry "GER"]
[EventRounds "9"]
[EventType "swiss"]
[EventDate "2015.05.23"]

1. d4 d5 2. Nf3 c6 3. e3 Nf6 4. Bd3 g6 5. Nbd2 Bg7 6. O-O O-O 7. c3 Nbd7 8. e4
dxe4 9. Nxe4 Nxe4 10. Bxe4 Nf6 11. Bd3 Re8 12. h3 Be6 13. Be3 Qc7 14. Qd2 Bd5
15. Ne5 Nd7 16. Nxd7 Qxd7 17. Bh6 Rac8 18. Bxg7 Kxg7 19. Rae1 Bxa2 20. c4 Qxd4
21. Rd1 Bxc4 22. Qc3 Qxc3 23. bxc3 Bxd3 24. Rxd3 Rcd8 25. Re3 Rd7 26. Rfe1 e6
27. Rg3 Red8 28. Kh2 Rd3 29. Rxd3 Rxd3 0-1

[Event "ODJM B 2015"]
[Site "Willingen GER"]
[Date "2015.05.24"]
[Round "2"]
[White "Straßburg, Robin"]
[Black "Frohnhäuser, Simon"]
[Result "0-1"]
[Termination "normal"]
[Board "18"]
[WhiteElo "1028"]
[BlackElo "1548"]
[PlyCount "136"]
[WhiteFideId "16210018"]
[BlackFideId "16208528"]
[EventCountry "GER"]
[EventRounds "9"]
[EventType "swiss"]
[EventDate "2015.05.23"]

1. d4 Nf6 2. Nf3 g6 3. e3 Bg7 4. Bd3 O-O 5. b3 d6 6. Bb2 Nbd7 7. Nbd2 Re8 8.
O-O e5 9. dxe5 dxe5 10. Bb5 c6 11. Be2 Qc7 12. Nc4 Nd5 13. e4 Nf4 14. Bc1 Nxe2+
15. Qxe2 b5 16. Nb2 Nf8 17. Be3 Bg4 18. h3 Bxf3 19. Qxf3 f5 20. Nd3 f4 21. Bd2
Ne6 22. Bc3 Ng5 23. Qe2 Qc8 24. Ne1 Rf8 25. Nf3 Nxf3+ 26. Qxf3 Qc7 27. Rad1
Rad8 28. Rxd8 Rxd8 29. Rd1 Kf7 30. Rxd8 Qxd8 31. Qd3 Qxd3 32. cxd3 Ke6 33. Kf1
Bf8 34. Ke2 g5 35. g4 Bc5 36. b4 Bb6 37. f3 Be3 38. Kd1 Kd6 39. Kc2 h6 40. Kb3
a6 41. a3 Bb6 42. Bd2 Bd4 43. Be1 Kc7 44. Bd2 Kb6 45. Be1 c5 46. bxc5+ Bxc5 47.
Bc3 Bd6 48. d4 a5 49. dxe5 Bf8 50. e6 a4+ 51. Kc2 Bxa3 52. Bg7 b4 53. Bxh6 b3+
54. Kb1 Be7 55. Kb2 Kb5 56. Kc3 Bb4+ 57. Kb2 Kc4 58. Bg7 a3+ 59. Kb1 Be7 60.
Be5 Kd3 61. Kc1 Ke2 62. Bc7 Kxf3 63. e5 Ke2 64. Bd6 f3 65. Bxe7 f2 66. Bxa3
f1=Q+ 67. Kb2 Qd1 68. e7 Qc2+ 0-1

[Event "ODJM B 2015"]
[Site "Willingen GER"]
[Date "2015.05.24"]
[Round "2"]
[White "Winkin, Jos"]
[Black "Zimmer, Luca"]
[Result "0-1"]
[Termination "normal"]
[Board "19"]
[WhiteElo "913"]
[BlackElo "1496"]
[PlyCount "124"]
[WhiteFideId "4004795"]
[BlackFideId "12921424"]
[EventCountry "GER"]
[EventRounds "9"]
[EventType "swiss"]
[EventDate "2015.05.23"]

1. e4 e6 2. d4 d5 3. e5 c5 4. Nf3 Nc6 5. Bb5 Bd7 6. Bxc6 Bxc6 7. Nc3 f6 8. O-O
Be7 9. b3 fxe5 10. Nxe5 Nf6 11. Bg5 Qa5 12. Bxf6 Bxf6 13. Qh5+ Ke7 14. Nxc6+
bxc6 15. Ne2 cxd4 16. Qg4 h5 17. Qf4 g5 18. Qf3 d3 19. Rae1 dxe2 20. Rxe2 Kd7
21. Qxf6 Kc7 22. Qe5+ Kb7 23. Qxg5 Qc7 24. Rxe6 Rae8 25. Rxe8 Rxe8 26. Qxh5 Re5
27. Qd1 Qb6 28. Re1 Rxe1+ 29. Qxe1 Qc5 30. Qd2 Qa3 31. c4 d4 32. h4 Qc5 33. g4
Qe5 34. Qg5 Qe1+ 35. Kg2 d3 36. Qe3 Qxe3 37. fxe3 d2 38. Kf3 d1=Q+ 39. Kf4 Kc7
40. h5 Qd8 41. Kf5 Qf8+ 42. Kg6 Qg8+ 43. Kf5 Qf7+ 44. Kg5 Qg7+ 45. Kh4 Qe7+ 46.
Kg3 Qxe3+ 47. Kh4 Qe7+ 48. Kg3 Qg5 49. Kh3 Kd6 50. b4 a6 51. a4 Ke5 52. b5 cxb5
53. cxb5 axb5 54. axb5 Kd6 55. b6 Kc6 56. b7 Kxb7 57. Kg3 Kc6 58. Kf3 Kd5 59.
Kg3 Ke4 60. Kh3 Kf3 61. Kh2 Qxg4 62. h6 Qg2# 0-1

[Event "ODJM B 2015"]
[Site "Willingen GER"]
[Date "2015.05.24"]
[Round "2"]
[White "Leib, Amina"]
[Black "Fromm, Marius"]
[Result "1-0"]
[Termination "normal"]
[Board "20"]
[WhiteElo "1228"]
[BlackElo "1328"]
[PlyCount "59"]
[WhiteFideId "12982970"]
[BlackFideId "12993190"]
[EventCountry "GER"]
[EventRounds "9"]
[EventType "swiss"]
[EventDate "2015.05.23"]

1. d4 Nf6 2. Nf3 e6 3. e3 c5 4. c3 d5 5. Bd3 Nc6 6. Nbd2 c4 7. Bc2 Be7 8. O-O
O-O 9. Qe2 Qc7 10. e4 b6 11. e5 Nd7 12. b3 b5 13. Re1 f6 14. Nf1 fxe5 15. Nxe5
Ndxe5 16. dxe5 Bc5 17. Be3 Ne7 18. Qh5 g6 19. Qg5 Nf5 20. Bxc5 Qxc5 21. b4 Qb6
22. Ne3 Nxe3 23. Rxe3 Kg7 24. Qe7+ Rf7 25. Qh4 Kg8 26. Rf1 Bb7 27. Rh3 Rg7 28.
Bxg6 hxg6 29. Qh8+ Kf7 30. Rf3+ 1-0

[Event "ODJM B 2015"]
[Site "Willingen GER"]
[Date "2015.05.24"]
[Round "2"]
[White "Burdot, Clara"]
[Black "Von Jan, Lena"]
[Result "0-1"]
[Termination "normal"]
[Board "21"]
[WhiteElo "1046"]
[BlackElo "1364"]
[PlyCount "60"]
[WhiteFideId "4004779"]
[BlackFideId "12946060"]
[EventCountry "GER"]
[EventRounds "9"]
[EventType "swiss"]
[EventDate "2015.05.23"]

1. e4 e5 2. Nf3 Nc6 3. d4 exd4 4. Nxd4 Bb4+ 5. c3 Bc5 6. Be3 Bb6 7. Nxc6 bxc6
8. Qf3 Nf6 9. Bc4 Bb7 10. e5 Nd5 11. Nd2 O-O 12. Qe4 Nxe3 13. Bd3 Qh4 14. Qxh4
Nxg2+ 15. Kf1 Nxh4 16. Ne4 Ng6 17. Rd1 Nxe5 18. b4 Nxd3 19. Rxd3 Ba6 20. Ke2
Bxd3+ 21. Kxd3 d5 22. Nd2 Bxf2 23. c4 Rfe8 24. cxd5 cxd5 25. Nf1 Re4 26. Kc3
Be1+ 27. Nd2 Bxd2+ 28. Kxd2 Rxb4 29. Kc3 Rc4+ 30. Kd3 Re8 0-1

[Event "ODJM B 2015"]
[Site "Willingen GER"]
[Date "2015.05.24"]
[Round "2"]
[White "Kostanyan, Hakob"]
[Black "Reuter, Marek"]
[Result "1-0"]
[Termination "normal"]
[Board "22"]
[WhiteElo "1532"]
[BlackElo "955"]
[PlyCount "67"]
[WhiteFideId "12977683"]
[BlackFideId "16226712"]
[EventCountry "GER"]
[EventRounds "9"]
[EventType "swiss"]
[EventDate "2015.05.23"]

1. e4 c6 2. d4 d5 3. Nc3 dxe4 4. Nxe4 Bf5 5. Ng3 Bg6 6. Nf3 e6 7. h4 h6 8. h5
Bh7 9. Bd3 Bxd3 10. Qxd3 Nf6 11. Bd2 c5 12. c3 Nc6 13. O-O-O Be7 14. Ne2 O-O
15. Rdg1 a6 16. g4 b5 17. g5 c4 18. Qc2 hxg5 19. Nxg5 b4 20. h6 g6 21. Nxe6 Qd5
22. Nxf8 Kxf8 23. Nf4 Qe4 24. Qxe4 Nxe4 25. f3 Nxd2 26. Kxd2 g5 27. Nd5 a5 28.
h7 Kg7 29. Nxe7 Nxe7 30. Rxg5+ Kh8 31. Rhh5 f6 32. Rxa5 Rxa5 33. Rxa5 Kxh7 34.
Ra7 1-0